Statistiques concernant Equipe de France 2018

Cliquez ici pour prendre le quiz!

Statistiques générales

  • Ce quiz a été pris 231 fois
  • Le résultat moyen est 19 sur 23

Statistiques - réponses

HintRéponse% Correct
GardienLloris
98%
AttaquantMbappé
96%
AttaquantGriezmann
95%
MilieuPogba
94%
AttaquantGiroud
93%
MilieuKanté
93%
GardienMandanda
90%
DéfenseurPavard
90%
DéfenseurVarane
89%
DéfenseurUmtiti
88%
GardienAreola
86%
DéfenseurHernandez
86%
MilieuMatuidi
86%
DéfenseurRami
85%
AttaquantDembele
75%
AttaquantThauvin
75%
MilieuNzonzi
71%
DéfenseurKimpembe
69%
AttaquantFékir
68%
DéfenseurMendy
68%
MilieuTolisso
62%
DéfenseurSidibé
60%
AttaquantLemar
58%

Distribution des résultats

Percentile par nombre de réponses

% des personnes avec chaque résultat

Votre développement - résultats

Vous n’avez pas pris ce quiz